|
|
|
|
| LEADER |
00000nam a2200000 a 4500 |
| 001 |
vtls001469519 |
| 003 |
SK-MaSNL |
| 005 |
20260425233804.0 |
| 008 |
240315s1986 xo g f 00000cslo |
| 035 |
|
|
|a SNK000424824
|
| 040 |
|
|
|a SNK
|b slo
|c SNK
|e AACR2
|
| 041 |
0 |
|
|a slo
|
| 043 |
|
|
|a e-xo---
|
| 044 |
|
|
|a xo
|c SK
|
| 072 |
|
7 |
|a 929
|x Biografie
|2 konspekt
|
| 080 |
|
|
|a 929(4)
|2 MDT-MRF
|
| 080 |
|
|
|a (437.6)
|2 MDT-MRF
|
| 080 |
|
|
|a (083.8)
|2 MDT-MRF
|
| 100 |
1 |
|
|a Čunderlík, Alexander,
|d 1917-1992
|4 aut
|9 189129
|
| 245 |
1 |
0 |
|a Významné osobnosti a Bratislava
|c Alexander Čunderlík
|
| 250 |
|
|
|a [1. vyd.]
|
| 260 |
|
|
|a Bratislava
|b Bratislavská informačná a propagačná služba
|c 1986
|
| 300 |
|
|
|a 149 s.
|c 29 cm
|
| 650 |
0 |
7 |
|a osobnosti
|z Európa
|y stor. 20.
|2 SNKPH
|9 501787
|
| 650 |
0 |
7 |
|a biografie
|2 SNKPH
|9 111226
|
| 651 |
|
7 |
|a Bratislava (Slovensko)
|2 SNKPH
|9 14568
|
| 655 |
|
7 |
|a súpisy
|2 SNKPH
|9 70480
|
| 958 |
|
|
|a OND
|
| 999 |
|
|
|c 775697
|d 777627
|
| 952 |
|
|
|t P60, <03>, [BOOK], {603}, -K-
|a SNK
|b SNK
|y PREZ
|7 0
|p 17A0422252
|o snkSB 68331
|i snkD 156/2004
|8 1
|g 19.92
|0 0
|1 0
|4 0
|d 2004-02-26
|f 1
|l 0
|r 2025-04-22 00:00:00
|w 2026-02-24
|